• 首页
  • 本馆介绍
  • 公告通知
  • 最新文献
  • 馆藏检索
  • 电子资源
  • 读者导购
  • 参考咨询
  • 我的图书馆
  • 登录
  • 详细信息显示
  • 放入我的书架
  • 预约/预借图书
  • 作者相关作品
  • 分类相关作品
  • 丛书相关作品
  • 出版社相关作品

书目信息

  • 表格格式
  • 工作单格式
  • 卡片格式
题名:
煤矿安全技术
    
 
作者: ;中国煤炭教育协会职业教育教材编审委员会 编
分册:  
出版信息: 北京   煤炭工业出版社  2014
页数: 139页
开本: 26cm
丛书名:
单 册:
中图分类: TD7
科图分类:
主题词: 矿山安全 , 矿山运动--劳动保护 , 劳动保护--矿山运动
电子资源:
ISBN: 7-5020-4328-4
000 00805nam0 2200217 450
001 208
005 20160905101625.79
010    @a7-5020-4328-4@dCNY19.00
100    @a20160721d2014 km y0chiy0120 ea
101 0  @achi
102    @aCN@b110000
200 1  @a煤矿安全技术@Amei kuang an quan ji shu@f中国煤炭教育协会职业教育教材编审委员会编@Fzhong guo mei tan jiao yu xie hui zhi ye jiao yu jiao cai bian shen wei yuan hui bian
210    @a北京@c煤炭工业出版社@d2014
215    @a139页@d26cm
606 0  @a矿山安全
606 0  @a矿山运动@x劳动保护
606 0  @a劳动保护@x矿山运动
690    @aTD7@v4
711 02 @a中国煤炭教育协会职业教育教材编审委员会@Azhong guo mei tan jiao yu xie hui zhi ye jiao yu jiao cai bian shen wei yuan hui@4编
801  0 @aCN@b唐山师范学院图书馆@c20160721
905    @aZUCC@dTD7@e33
    
    煤矿安全技术/中国煤炭教育协会职业教育教材编审委员会编.-北京:煤炭工业出版社,2014
    139页;26cm
    
    
    ISBN 7-5020-4328-4:CNY19.00
    
●
相关链接 在E读中查询图书 在五车中查询图书 在当当中查询图书 在豆瓣中查询图书


正题名:煤矿安全技术     索取号:TD7/33         预约/预借

序号 登录号 条形码 馆藏地/架位号 状态 备注
1 900876   209008768   第二样本阅览室/ [索取号:TD7/33] 在馆    
2 900877   209008777   第三借阅区/ [索取号:TD7/33] 在馆    
3 900878   209008786   密集书库-化学系/ [索取号:TD7/33] 在馆    
4 900879   209008795   第三借阅区/ [索取号:TD7/33] 在馆    
5 900880   209008802   第三借阅区/ [索取号:TD7/33] 在馆    
唐山师范学院图书馆 欢迎您!
大连网信软件有限公司© 版权所有